| 000 | 00921nam0a22002771 4500 | ||
|---|---|---|---|
| 001 | v19\rc\1656573 | ||
| 005 | 20250619004841.0 | ||
| 035 | _a(NLR Aleph) 004766853 | ||
| 090 |
_a4609798 _c4609798 |
||
| 100 | _a20061002d1892 |||y0rusy50 ca | ||
| 101 | 0 | _arus | |
| 102 | _aRU | ||
| 105 | _ay z |||a| | ||
| 200 | 1 |
_aСиротка _eРассказ К. Тхоржевского |
|
| 205 | _a2-е изд. | ||
| 210 |
_a[Санкт-Петербург] _cВ.А. Березовский _dценз. 1892 |
||
| 215 |
_a28 с. _d18 |
||
| 225 | 1 |
_aЧтение для солдат и народа _v2-го комплекта № 18 |
|
| 700 | 1 |
_aТхоржевский _bК.В. _f1858-1896 _gКорнелий Владиславович |
|
| 801 | 0 |
_aRU _bNLR _gpsbo |
|
| 801 | 0 |
_aRU _bRuMoRGB _2psbo |
|
| 801 | 1 |
_aRU _bProSoft-M _2rusmarc |
|
| 852 |
_aNLR _j18.207.6.105 |
||
| 899 |
_aRuMoRGB _jA 207/174а |
||
| 942 | _cBOOK | ||
| 980 | _aNB | ||